000 00425nam a2200169 4500
020 _a9788126412501
082 _aM3
_bBAL/A
100 _aBalakrishnan C V
245 _aAvanavante anandam kandethanulla vazhikal/
_cby Balakrishnan C V
250 _a7
260 _aKottayam:
_bD C Books,
_c2022
300 _a294p.
650 _aNovel Malayalam
650 _aLiterature Malayalam
650 _aLiterature
942 _cBK
999 _c181580
_d181580